logo

Bir Sreshtho Munshi Abdur Rouf Library
Jhenaidah Cadet College

ফরবিডেন স্ট্রেঞ্জার / (Record no. 13541)

MARC details
000 -LEADER
fixed length control field 00893nam a2200241 a 4500
001 - CONTROL NUMBER
JCCL Control Number 13541
003 - CONTROL NUMBER IDENTIFIER
JCCL marc code BD-JhCC
005 - DATE AND TIME OF LATEST TRANSACTION
control field 20240122090726.0
008 - FIXED-LENGTH DATA ELEMENTS--GENERAL INFORMATION
fixed length control field 240122b2018 b |||| ||a| 000 0 be d
035 ## - SYSTEM CONTROL NUMBER
system control number (BD-JhCC)13541
040 ## - CATALOGING SOURCE
Original cataloging agency BD-JhCC
Modifying agency BD-JhCC
041 ## - LANGUAGE CODE
Language code of Book ben
082 ## - DEWEY DECIMAL CLASSIFICATION NUMBER
Classification number 813.54
Author mark and Year PAP 2018
100 ## - MAIN ENTRY--PERSONAL NAME
Personal name Pappano, Marilyn
245 ## - TITLE STATEMENT
Title ফরবিডেন স্ট্রেঞ্জার /
Statement of responsibility, etc মেরিলিন পাপানো, ভাষান্তর: মোস্তফা আরিফ
260 ## - PUBLICATION, DISTRIBUTION, ETC. (IMPRINT)
Place of publication, distribution, etc ঢাকা:
Name of publisher, distributor, etc দি ইউনিভার্সেল একাডেমি;
Date of publication, distribution, etc 2018.
300 ## - PHYSICAL DESCRIPTION
Pagination 368 p. :
Dimensions 24 cm.
650 ## - SUBJECT ADDED ENTRY--TOPICAL TERM
Topical term or geographic name as entry element Romance fiction
Form subdivision Suspense fiction
General subdivision Man-woman relationships
Chronological subdivision Stripteasers
Geographic subdivision Missing persons--Investigation
651 ## - SUBJECT ADDED ENTRY--GEOGRAPHIC NAME
Geographic name Undercover operations
700 ## - ADDED ENTRY--PERSONAL NAME
Personal name আরিফ,মোস্তফা
942 ## - ADDED ENTRY ELEMENTS (KOHA)
Source of classification or shelving scheme Dewey Decimal Classification
Koha item type Books
Holdings
Source of classification or shelving scheme Damaged status Not for loan Home library Current library Shelving location Date of accession Cost, normal purchase price Total Checkouts Full call number Barcode Checked out Date last seen Date checked out Copy number Method of acquisition Koha item type Currency
Dewey Decimal Classification     JCC Rouf Library JCC Rouf Library General Stacks   390.00 3 813.54 PAP 2018 16903 07/09/2025 06/15/2025 06/15/2025 C-1 Purchase Books BDT

JCC Library | Contacts | JCC Home

Last Update on 23 September 2017
Copyright @ 2017-2020 JCC Rouf Library
Rouf Library, Jhenidah Cadet College (JCC), Bangladesh